WWE Wrestlers in Wrestlemania Main Event - Statistics

General Stats
  • This quiz has been taken 632 times
  • The average score is 55 of 72
Answer Stats
Wrestlemania n° Win or Lose Wrestler % Correct
13 (Chicago) Winner The Undertaker
94%
24 (Orlando) Winner The Undertaker
94%
26 (Glendale) Winner The Undertaker
94%
2 (Los Angeles) Winner Hulk Hogan
92%
3 (Detroit) Winner Hulk Hogan
92%
5 (Atlantic City) Winner Hulk Hogan
92%
Loser Hulk Hogan
92%
7 (Los Angeles) Winner Hulk Hogan
92%
8 (Indianapolis) Winner Hulk Hogan
92%
following match for the title New winner Hulk Hogan
92%
1 (Madison Square Garden) Winner Hulk Hogan and Mr T.
92%
16 (Anaheim) Winner Triple H
90%
18 (Toronto) Winner Triple H
90%
Losers Triple H
90%
Loser Triple H
90%
Loser Triple H
90%
25 (Houston) Winner Triple H
90%
22 (Chicago) Winner John Cena
89%
23 (Detroit) Winner John Cena
89%
Loser John Cena
89%
Loser John Cena
89%
29 (East Rutherford) Winner John Cena
89%
Loser The Rock
89%
The Rock
89%
Loser The Rock
89%
28 (Miami) Winner The Rock
89%
Loser The Rock
89%
12 (Anaheim) Winner Shawn Michaels
88%
Shawn Michaels
88%
Shawn Michaels
88%
Loser Shawn Michaels
88%
Loser Shawn Michaels
88%
19 (Seattle) Winner Brock Lesnar
85%
Losers Brock Lesnar
85%
Loser Randy Orton
84%
Losers Randy Orton
84%
14 (Boston) Winner Stone Cold Steve Austin
83%
15(Philadelphie) Winner Stone Cold Steve Austin
83%
17 (Houston) Winner Stone Cold Steve Austin
83%
Loser Bret Hart
80%
10 (New York) Winner Bret Hart
80%
Loser Bret Hart
80%
Loser Andre The Giant
79%
21 (Los Angeles) Winner Batista
79%
Batista
79%
Roman Reigns
78%
31 (Santa Clara) Winner Seth Rollins
77%
Loser Edge
76%
4 (Atlantic City) Winner Randy Savage
75%
Loser Randy Savage
75%
30 (La Nouvelle-Orleans) Winner Daniel Bryan
74%
Losers Big Show
71%
27 (Atlanta) Winner The Miz
71%
Loser Kurt Angle
70%
9 (Las Vegas) Winner Yokozuna
70%
Loser Yokozuna
70%
Loser Chris Jericho
69%
2 (Nassau Coliseum) Winner Mr T
68%
Loser Roddy Piper
68%
Loser Roddy Piper and Paul Orndorff
68%
20 (New York) Winner Chris Benoit
66%
Mick Foley
61%
Loser King Kong Bundy
57%
Loser Sgt Slaughter
51%
6 (Toronto) Winner The Ultimate Warrior
48%
Loser Ted DiBiase
47%
Loser Bam Bam Bigelow
40%
Loser Sycho Sid
35%
11 (Hartford) Winner Lawrence Taylor
34%
Loser Sid Justice
31%
2 (Rosemont Horizon) Winners The British Bulldogs
9%
Losers The Dream Team
9%
No matching quizzes found
Score Distribution
Percent of People with Each Score
Percentile by Number Answered
Your Score History
You have not taken this quiz